Statistics for Entraineurs Grenoblois

Click here to take the quiz!

General Stats

  • This quiz has been taken 19 times
    (3 since last reset)
  • The average score is 7 of 24

Answer Stats

PĂ©riode Entraineur % Correct
2015 -Garcia
100%
2007 - 2010Bazdarevic
67%
2011 - 2015Saragaglia
67%
2002 - 2004Michel
67%
1997 - 2001Michel
67%
2001 - 2002Westerloppe
67%
2006 - 2007Pouliquen
33%
1990 - 1991Tosi
33%
1972 - 1975Garcin
33%
1986 - 1989Dalger
33%
1975 - 1978Deloffre
33%
1978 - 1980Belloni
33%
1981 - 1982Djorkaeff
33%
2010 - 2011Pouliquen
33%
1989 - 1990Parizon
33%
2004 - 2006Goudet
0%
1993 - 1994David
0%
1983 - 1985Le Roy
0%
1980 - 1981Lafranchescina
0%
1985 - 1986Buigues
0%
1991 - 1993Simondi
0%
1995 - 1996Geraldes
0%
1994 - 1995Letard
0%
1996 - 1997Simondi
0%

Score Distribution

Percentile by Number Answered

Percent of People with Each Score

Your Score History

You have not taken this quiz since the last reset